Chile marca registrada: Historia general de las marcas comerciales y el imaginario del consumo en Chile.
Gespeichert in:
| 1. Verfasser: | |
|---|---|
| Format: | Buch |
| Sprache: | Spanisch |
| Veröffentlicht: |
Santiago, Chile:
Ocho Libros; Universidad del Pacifico,
2008.
|
| Ausgabe: | Primera edición. |
| Schlagworte: | |
| Tags: |
Tag hinzufügen
Keine Tags, Fügen Sie den ersten Tag hinzu!
|
MARC
| LEADER | 00000nam a2200000 a 4500 | ||
|---|---|---|---|
| 001 | UCH0761 | ||
| 003 | CL-VaPUC | ||
| 005 | 20250407202431.0 | ||
| 008 | 090326t20080000CL |||||||||||||||||spa|d | ||
| 999 | |c 333004 |d 333002 | ||
| 020 | |a 978-956-8018-55-9 | ||
| 040 | |c Pontificia Universidad Católica de Valparaíso | ||
| 082 | 0 | 4 | |a 658.827 ALV 2008 |2 21 |
| 100 | 0 | |a Alvarez Caselli, Pedro |e author |9 535080 | |
| 245 | 1 | 0 | |a Chile marca registrada: |b Historia general de las marcas comerciales y el imaginario del consumo en Chile. |
| 250 | |a Primera edición. | ||
| 260 | |a Santiago, Chile: |b Ocho Libros; |b Universidad del Pacifico, |c 2008. | ||
| 300 | |a 347 páginas: |b ilustraciones. | ||
| 500 | |a c.3-c.4. Instituto Arcos.08-01-2025. | ||
| 583 | |a last modification |c 20140403 05:15:12 |k Rodrigo Vera | ||
| 650 | 0 | |a Marcas comerciales |9 386702 |x Historia |y Chile | |
| 650 | 0 | |a Productos de marca |9 878193 |x Historia |z Chile | |
| 650 | 0 | |a Propiedad industrial |9 255086 | |
| 942 | |c BK |2 ddc |n 0 | ||
| 945 | |d 20090326 00:00:00 |a rbrito | ||
| 952 | |0 0 |1 0 |4 0 |6 658_827000000000000_ALV_2008 |7 0 |8 A |9 421114 |a BIBENE |b BIBENE |d 2019-11-22 |i 4529162 |l 1 |o 658.827 ALV 2008 |p 4529162 |r 2025-03-25 |s 2025-03-25 |w 2019-11-22 |y BK |k ICO | ||
| 952 | |0 0 |1 0 |4 0 |6 658_827000000000000_ALV_2008 |7 0 |8 A |9 421115 |a BIBARQ |b BIBARQ |d 2019-11-22 |i 4568974 |o 658.827 ALV 2008 |p 4568974 |r 2025-01-20 |w 2019-11-22 |y BK |k ARQ | ||
| 952 | |0 0 |1 0 |2 ddc |4 0 |6 658_827000000000000_ALV_2008 |7 0 |8 A |9 601300 |a BIBINC |b BIBINC |d 2025-03-14 |e Instituto Arcos |i 5666163 |o 658.827 ALV 2008 |p 5666163 |r 2025-03-14 |t 3 |w 2025-03-14 |y BK |k IFP | ||
| 952 | |0 0 |1 0 |2 ddc |4 0 |6 658_827000000000000_ALV_2008 |7 0 |8 A |9 601301 |a BIBINC |b BIBINC |d 2025-03-14 |e Instituto Arcos |i 5666164 |o 658.827 ALV 2008 |p 5666164 |r 2025-03-14 |t 4 |w 2025-03-14 |y BK |k IFP | ||